000 00707nam a2200205Ia 4500
001 22870
003 GE_BSU
008 181216s||||||||xx |||||||||||||| ||und||
040 _cGE_BSU
245 _aРеферативный журнал, №2. Литературоведение 2018
245 _bРаздел. Социальные и гуманитарные науки
245 _cгл.ред.Цурганова Е.А.и др.
260 _aМосква
260 _c2018
300 _a205 стр. 22 см.
653 _aПериодика
653 _aРеферативный журнал, №2. Литературоведение 2018
653 _aპერიოდიკა
942 _cCR
999 _c55773
_d55773